000 00664nam a2200253Ia 4500
003 OSt
005 20220928111801.0
006 a|||||r|||| 00| 0
007 ta
008 220927b |||||||| |||| 00| 0 eng d
020 _cUS Dollor 26.99
024 _a140620
037 _bGift, 27/04/2019,
_cTextual
040 _aSDCL
_cSDCL
_beng
041 _2eng
_aeng
082 _aX64, Q3
100 _aEvrensel Ayse Y.
_9425039
245 0 _aInternational finance for dummies
260 _c2013
300 _aHoboken
_ccm.
650 _aGift
_9391569
942 _hX64, Q3
_cTEXL
_2CC
999 _c742032
_d742032